| 000 | 00861cam a2200289 a 4500 | ||
|---|---|---|---|
| 001 | 16672399 | ||
| 003 | OSt | ||
| 005 | 20230602113202.0 | ||
| 008 | 110302s2011 ke 000 0 eng | ||
| 010 | _a 2011342340 | ||
| 020 | _a9789966054241 | ||
| 020 | _a9966054243 | ||
| 040 |
_aDLC _cDLC |
||
| 042 |
_apcc _alcode |
||
| 043 | _af-ke--- | ||
| 082 |
_a923.2 _bKAR |
||
| 100 | 1 | _aKarue, Muriuki. | |
| 245 | 1 | 0 |
_aEpisodes from an MP's diary _cMuriuki Karue. |
| 260 |
_aNairobi, Kenya : _bLesako Foundation, _c2011. |
||
| 300 |
_a156 p. ; _c21 cm. |
||
| 600 | 1 | 0 | _aKarue, Muriuki. |
| 650 | 0 |
_aLegislators _zKenya _vBiography. |
|
| 650 | 1 | 0 |
_aKenya. _bNational Assembly. |
| 906 |
_a7 _bcbc _corigode _d2 _encip _f20 _gy-gencatlg |
||
| 942 |
_2ddc _cBK |
||
| 999 |
_c102 _d102 |
||